Statistiques concernant Nourriture qui commence par B

Cliquez ici pour prendre le quiz!

Statistiques générales

  • Ce quiz a été pris 148 fois
    (103 depuis la dernière actualisation)
  • Le résultat moyen est 8 sur 12

Statistiques - réponses

Réponse% Correct
Blé
100%
Banane
99%
Bonbon
97%
Baguette
93%
Biscuit
83%
Basilic
78%
Beignet
69%
Boudin Noir | Boudin Blanc
47%
Brugnon
40%
Badiane
22%
Biscotte
19%
Bergamot
6%

Distribution des résultats

Percentile par nombre de réponses

% des personnes avec chaque résultat

Votre développement - résultats

Vous n’avez pas pris ce quiz depuis la dernière actualisation